000 00714nam a2200229Ia 4500
003 GCL
008 140319s9999 xx 000 0 ara d
020 _a7177325977
040 _aGCL /
_cGCL
082 0 4 _a371.46
_bح ت
100 1 _aحامد عبدالسلام زهران
245 1 0 _aالتوجية والارشاد النفسى /
_cحامد عبدالسلام زهران
250 _aالثانية
260 _aالقاهرة :
_bعالم الكتب الحديث
300 _a509 ص:
_bايض ؛
_c24 سم
490 _a
650 0 4 _aالتربية
650 0 4 _aعلم النفس
650 0 4 _aعلم النفس التربوى
650 0 4 _aعلم النفس - مذاهب
942 _2ddc
_cBK
999 _c38648
_d38648